[Event "Verbandsliga 2019-20"]
[Site "MVP"]
[Date "2020.02.02"]
[Round "6.2"]
[White "Hubert, Peter"]
[Black "Stutz, Reno"]
[Result "0-1"]
[WhiteElo "2114"]
[BlackElo "2017"]
[PlyCount "44"]
[EventDate "2019.09.29"]
[EventType "team-tourn"]
[EventRounds "9"]
[WhiteTeam "HSG Stralsund"]
[BlackTeam "ASV Wismar"]
[WhiteTeamCountry "GER"]
[BlackTeamCountry "GER"]

1. e4 d5 2. exd5 Nf6 3. d4 Nxd5 4. c4 Nb6 5. Nc3 e5 6. dxe5 Qxd1+ 7. Nxd1 Nc6
8. f4 Bb4+ 9. Bd2 Bxd2+ 10. Kxd2 Be6 11. Ne3 O-O-O+ 12. Kc3 Na4+ 13. Kc2 Nd4+
14. Kc1 Nc5 15. Nf3 g6 16. Nxd4 Rxd4 17. g3 Rhd8 18. b3 Re4 19. Nc2 Bf5 20. h4
Nd3+ 21. Bxd3 Rxd3 22. Re1 Rc3 0-1

[Event "Verbandsliga 2019-20"]
[Site "MVP"]
[Date "2020.02.02"]
[Round "6.3"]
[White "Kliewe, Hans-Juergen"]
[Black "Paulowitz, Bernd-Rainer"]
[Result "1/2-1/2"]
[WhiteElo "2113"]
[BlackElo "1904"]
[PlyCount "75"]
[EventDate "2019.09.29"]
[EventType "team-tourn"]
[EventRounds "9"]
[WhiteTeam "ASV Wismar"]
[BlackTeam "HSG Stralsund"]
[WhiteTeamCountry "GER"]
[BlackTeamCountry "GER"]

1. d4 d5 2. Nf3 Nf6 3. Bf4 c6 4. e3 Bg4 5. c4 e6 6. Nc3 Nbd7 7. Qb3 Qb6 8. Ne5
Nxe5 9. Bxe5 Nd7 10. Bg3 Be7 11. Bd3 Bh5 12. O-O Bg6 13. Be2 O-O 14. Rac1 Nf6
15. Rfd1 Qxb3 16. axb3 Ne4 17. Na4 Nxg3 18. hxg3 Rfd8 19. f4 h6 20. Kf2 Be4 21.
Bf3 Bxf3 22. gxf3 f5 23. e4 Bb4 24. cxd5 exd5 25. e5 Kf7 26. Rh1 Rac8 27. Nc5
Bxc5 28. Rxc5 Rh8 29. g4 Ke6 30. Rcc1 Rcf8 31. Ke3 g5 32. gxf5+ Kxf5 33. fxg5
hxg5 34. b4 Rh4 35. Rhf1 a6 36. Rc2 Rh3 37. Rg2 Rg8 38. Rfg1 1/2-1/2

[Event "Verbandsliga 2019-20"]
[Site "MVP"]
[Date "2020.02.02"]
[Round "6.6"]
[White "Kohn, Thomas"]
[Black "Bahr, Enrico"]
[Result "1/2-1/2"]
[WhiteElo "1964"]
[BlackElo "2003"]
[Annotator "user"]
[PlyCount "41"]
[EventDate "2019.09.29"]
[EventType "team-tourn"]
[EventRounds "9"]
[WhiteTeam "HSG Stralsund"]
[BlackTeam "ASV Wismar"]
[WhiteTeamCountry "GER"]
[BlackTeamCountry "GER"]

1. Nf3 Nf6 2. g3 g6 3. Bg2 Bg7 4. O-O d6 5. d4 c6 6. c3 O-O 7. Nbd2 Bf5 8. Nh4
Bg4 9. h3 Bd7 10. e4 Qc8 11. Kh2 Na6 12. f4 Nc7 $11 13. Qe2 Re8 14. Ndf3 d5 15.
e5 Ne4 16. Nd2 f5 17. Nxe4 dxe4 18. Bh1 Be6 19. Ng2 b5 20. Ne3 Nd5 21. Rd1
1/2-1/2

[Event "Verbandsliga 2019-20"]
[Site "MVP"]
[Date "2020.02.02"]
[Round "6.7"]
[White "Schulz, Bernd"]
[Black "Manke, Karsten"]
[Result "1-0"]
[WhiteElo "1906"]
[BlackElo "1803"]
[PlyCount "65"]
[EventDate "2019.09.29"]
[EventType "team-tourn"]
[EventRounds "9"]
[WhiteTeam "ASV Wismar"]
[BlackTeam "HSG Stralsund"]
[WhiteTeamCountry "GER"]
[BlackTeamCountry "GER"]

1. e4 e5 2. Nf3 Nc6 3. Bc4 Be7 4. d4 exd4 5. Nxd4 Nxd4 6. Qxd4 d5 7. Qxd5 Qxd5
8. exd5 Bd7 9. O-O O-O-O 10. Bf4 Bf5 11. Bb3 Bf6 12. Nc3 Ne7 13. Rad1 Ng6 14.
Be3 Kb8 15. Bd4 Be7 16. Rfe1 h5 17. Ne4 b6 18. Bxg7 Rhg8 19. Bf6 Nf4 20. Bxe7
Rxg2+ 21. Kh1 Rdg8 22. Ng3 Bg4 23. Rd4 Bf3 24. Rxf4 R2xg3+ 25. Rxf3 Rxf3 26.
Rg1 Re8 27. d6 cxd6 28. Bxd6+ Kc8 29. Kg2 Rf6 30. Bg3 Re2 31. Rd1 Rg6 32. Kf1
Re4 33. Bxf7 1-0

[Event "Verbandsliga 2019-20"]
[Site "MVP"]
[Date "2020.03.01"]
[Round "7.4"]
[White "Junggebauer, Thomas"]
[Black "Schumacher, Ole"]
[Result "0-1"]
[WhiteElo "2000"]
[BlackElo "1711"]
[PlyCount "130"]
[EventDate "2019.09.29"]
[EventType "team-tourn"]
[EventRounds "9"]
[WhiteTeam "ASV Wismar"]
[BlackTeam "SF Schwerin III"]
[WhiteTeamCountry "GER"]
[BlackTeamCountry "GER"]

1. e4 c5 2. Nf3 d6 3. d4 cxd4 4. Nxd4 Nf6 5. Nc3 a6 6. Be2 e5 7. Nf3 h6 8. O-O
Be7 9. Be3 Be6 10. Qd3 Nbd7 11. Rfd1 Rc8 12. Rac1 b5 13. a3 Nc5 14. Bxc5 Rxc5
15. Nd2 O-O 16. Bf3 Nd7 17. b4 Rc6 18. Nd5 Bg5 19. c4 Qc8 20. Rc2 Re8 21. Rdc1
Bxd2 22. Qxd2 Rxc4 23. Be2 Rxc2 24. Rxc2 Qb7 25. Rc7 Qa8 26. Rxd7 Bxd7 27. Nc7
Qb8 28. Nxe8 Bxe8 29. h3 Qc7 30. Kh2 Bc6 31. Qc2 Qb7 32. Bd3 Kf8 33. Qe2 f6 34.
Qg4 d5 35. exd5 Bxd5 36. Bf5 Qc7 37. Bc8 e4+ 38. Kg1 Qc1+ 39. Kh2 Qc7+ 40. Kg1
Qc6 41. Kh2 Bf7 42. Bf5 Qc7+ 43. Kg1 e3 44. fxe3 Qc1+ 45. Kf2 Qxa3 46. Qe4 Qa2+
47. Ke1 Bd5 48. Qd4 Qc4 49. Qd2 Ke7 50. Kf2 Be6 51. Bb1 Qh4+ 52. Kg1 Qg3 53.
Kf1 Qh2 54. Qc2 Bd5 55. Qg6 Kf8 56. Bc2 Qh1+ 57. Kf2 Qc1 58. Qd3 Qb2 59. Kg1
Qe5 60. Qd2 Ke7 61. Kf2 Be4 62. Bb3 Qh2 63. Qd4 Qxg2+ 64. Ke1 Qg3+ 65. Kd2 Qd6
0-1

[Event "Verbandsliga 2019-20"]
[Site "MVP"]
[Date "2020.03.01"]
[Round "7.6"]
[White "Schulz, Bernd"]
[Black "Kupfernagel, Michael"]
[Result "0-1"]
[WhiteElo "1906"]
[BlackElo "2030"]
[PlyCount "118"]
[EventDate "2019.09.29"]
[EventType "team-tourn"]
[EventRounds "9"]
[WhiteTeam "ASV Wismar"]
[BlackTeam "SF Schwerin III"]
[WhiteTeamCountry "GER"]
[BlackTeamCountry "GER"]

1. e4 c5 2. c3 Nf6 3. e5 Nd5 4. d4 e6 5. c4 Nb6 6. d5 d6 7. exd6 Bxd6 8. Nf3
O-O 9. Be2 exd5 10. cxd5 N8d7 11. Nc3 Nf6 12. Bg5 h6 13. Bh4 Re8 14. Qd2 Bf5
15. O-O-O a6 16. Bd3 Qc7 17. Bg3 Bxd3 18. Qxd3 Rad8 19. Qf5 Bxg3 20. hxg3 Rd6
21. g4 Qd7 22. Qxd7 Nbxd7 23. g5 hxg5 24. Nxg5 Nb6 25. Rhe1 Rxe1 26. Rxe1 Kf8
27. Nge4 Nxe4 28. Rxe4 Nxd5 29. Nxd5 Rxd5 30. Kc2 b5 31. b3 Rd6 32. Re5 Rc6 33.
Kc3 f6 34. Re4 Kf7 35. Re2 Re6 36. Rd2 Ke7 37. a4 Rd6 38. Re2+ Kd7 39. axb5
axb5 40. Ra2 g6 41. Ra5 Kc6 42. Ra8 Kd5 43. Kd3 Ke5+ 44. Kc3 Kd5 45. Kd3 Kc6+
46. Kc3 b4+ 47. Kc2 Kd5 48. Kd3 c4+ 49. bxc4+ Kc5+ 50. Kc2 Kxc4 51. Rc8+ Kb5
52. Rb8+ Kc5 53. Ra8 Re6 54. Kd3 Kb5 55. f3 Rc6 56. Ra7 b3 57. g4 g5 58. Kd2
Kb4 59. Kd3 Rd6+ 0-1

[Event "Verbandsliga 2019-20"]
[Site "MVP"]
[Date "2020.03.01"]
[Round "7.7"]
[White "Krueger, Gerhard"]
[Black "Podolskiy, Alexander"]
[Result "1/2-1/2"]
[WhiteElo "1972"]
[BlackElo "1970"]
[PlyCount "120"]
[EventDate "2019.09.29"]
[EventType "team-tourn"]
[EventRounds "9"]
[WhiteTeam "SF Schwerin III"]
[BlackTeam "ASV Wismar"]
[WhiteTeamCountry "GER"]
[BlackTeamCountry "GER"]

1. e4 e5 2. Nf3 d6 3. d4 exd4 4. Nxd4 Nf6 5. Bd3 Be7 6. c4 O-O 7. Nc3 Bd7 8.
O-O Nc6 9. Nxc6 bxc6 10. f4 Bc8 11. Qc2 h6 12. h3 d5 13. e5 dxc4 14. Be2 Nd5
15. Ne4 Nb4 16. Qc3 Ba6 17. Bxc4 Bxc4 18. Qxc4 Qd3 19. Qxd3 Nxd3 20. b3 Nc5 21.
Ng3 Ne6 22. Be3 Rfd8 23. Rac1 c5 24. Rc4 Rd3 25. Nf5 Bf8 26. Kf2 g6 27. Ng3 g5
28. f5 Nd4 29. f6 Nc6 30. Bxc5 Nxe5 31. Rc2 Bxc5+ 32. Rxc5 Rd2+ 33. Ke3 Ng6 34.
Rf2 Rad8 35. Rxc7 Rxf2 36. Kxf2 Rd2+ 37. Ke3 Rxa2 38. Nf5 Nf4 39. Rd7 Nxg2+ 40.
Kf3 Nh4+ 41. Nxh4 gxh4 42. Kg4 Rf2 43. Rxa7 Rxf6 44. Rb7 Kg7 45. b4 Rf1 46. b5
Rb1 47. Kxh4 Rb3 48. b6 Kf6 49. Rb8 Rb5 50. b7 Ke7 51. Kg4 Kf6 52. Kf4 Rb4+ 53.
Ke3 Ke7 54. Kd3 Kd7 55. Rf8 Rxb7 56. Rxf7+ Kc8 57. Rxb7 Kxb7 58. Ke4 Kc7 59.
Kf5 Kd7 60. Kg6 Ke6 1/2-1/2

[Event "Verbandsliga 2019-20"]
[Site "MVP"]
[Date "2020.03.01"]
[Round "7.1"]
[White "Lehmann, Ruben"]
[Black "Seiler, Dirk"]
[Result "1/2-1/2"]
[WhiteElo "1954"]
[BlackElo "2122"]
[PlyCount "78"]
[EventDate "2019.09.29"]
[EventType "team-tourn"]
[EventRounds "9"]
[WhiteTeam "HSG Stralsund"]
[BlackTeam "SG Guestrow/Teterow"]
[WhiteTeamCountry "GER"]
[BlackTeamCountry "GER"]

1. d4 Nf6 2. c4 c5 3. d5 b5 4. cxb5 a6 5. bxa6 Bxa6 6. Nc3 g6 7. e4 Bxf1 8.
Kxf1 d6 9. g3 Bg7 10. Kg2 O-O 11. Nf3 Nbd7 12. h3 Ra6 13. Qe2 Qa8 14. Rb1 Rb8
15. b3 e6 16. dxe6 fxe6 17. a4 Qc6 18. Rd1 d5 19. Bf4 Rf8 20. exd5 exd5 21. Nb5
d4 22. Nc7 Rb6 23. Qc4+ Kh8 24. a5 Rb4 25. Qa6 Qxa6 26. Nxa6 Rb5 27. Nc7 Rxa5
28. Ne6 Re8 29. Nxg7 Kxg7 30. b4 cxb4 31. Rxb4 Nd5 32. Rb7 Nxf4+ 33. gxf4 Rd5
34. Rxd4 Rxd4 35. Nxd4 Re7 36. Nc6 Rf7 37. Nd8 Re7 38. Nc6 Rf7 39. Nd8 Re7
1/2-1/2

[Event "Verbandsliga 2019-20"]
[Site "MVP"]
[Date "2020.03.01"]
[Round "7.2"]
[White "Waschk, Armin"]
[Black "Hubert, Peter"]
[Result "1/2-1/2"]
[WhiteElo "2165"]
[BlackElo "2114"]
[PlyCount "31"]
[EventDate "2019.09.29"]
[EventType "team-tourn"]
[EventRounds "9"]
[WhiteTeam "SG Guestrow/Teterow"]
[BlackTeam "HSG Stralsund"]
[WhiteTeamCountry "GER"]
[BlackTeamCountry "GER"]

1. d4 Nf6 2. c4 e6 3. Nf3 d5 4. e3 c5 5. Nc3 Nc6 6. a3 a6 7. dxc5 Bxc5 8. b4
Bd6 9. Bb2 O-O 10. Qc2 Qe7 11. Rd1 Rd8 12. Be2 dxc4 13. Bxc4 b5 14. Bd3 Bb7 15.
O-O Rac8 16. Be2 1/2-1/2

[Event "Verbandsliga 2019-20"]
[Site "MVP"]
[Date "2020.03.01"]
[Round "7.3"]
[White "Mehl, Ronald"]
[Black "Luther, Alexander"]
[Result "1/2-1/2"]
[WhiteElo "2099"]
[BlackElo "2052"]
[PlyCount "35"]
[EventDate "2019.09.29"]
[EventType "team-tourn"]
[EventRounds "9"]
[WhiteTeam "HSG Stralsund"]
[BlackTeam "SG Guestrow/Teterow"]
[WhiteTeamCountry "GER"]
[BlackTeamCountry "GER"]

1. d4 Nf6 2. Nf3 e6 3. g3 d5 4. Bg2 Be7 5. O-O O-O 6. c4 dxc4 7. Qc2 a6 8. Qxc4
b5 9. Qc2 Bb7 10. a3 Be4 11. Qd1 c5 12. Nc3 Bb7 13. dxc5 Bxc5 14. Qxd8 Rxd8 15.
Bg5 Nbd7 16. Rfd1 h6 17. Bxf6 Nxf6 18. Ne5 1/2-1/2

[Event "Verbandsliga 2019-20"]
[Site "MVP"]
[Date "2020.03.01"]
[Round "7.4"]
[White "Dettmann, Gerd"]
[Black "Wichert, Till"]
[Result "0-1"]
[WhiteElo "2102"]
[BlackElo "2020"]
[PlyCount "94"]
[EventDate "2019.09.29"]
[EventType "team-tourn"]
[EventRounds "9"]
[WhiteTeam "SG Guestrow/Teterow"]
[BlackTeam "HSG Stralsund"]
[WhiteTeamCountry "GER"]
[BlackTeamCountry "GER"]

1. e4 e6 2. d4 d5 3. Nd2 dxe4 4. Nxe4 Bd7 5. Bd3 Bc6 6. Nf3 Nd7 7. O-O Ngf6 8.
Qe2 Nxe4 9. Bxe4 Bxe4 10. Qxe4 c6 11. c4 Nf6 12. Qe2 Be7 13. Bd2 a5 14. Rfd1
O-O 15. Bc3 Qc7 16. Rd3 b5 17. b3 bxc4 18. bxc4 c5 19. d5 exd5 20. cxd5 Rfe8
21. Rad1 Bd6 22. Qb2 Rab8 23. Qa1 c4 24. Re3 Rxe3 25. fxe3 Ng4 26. Rf1 Nxe3 27.
Bxg7 Nxf1 28. Kxf1 c3 29. Qxc3 Qxc3 30. Bxc3 Rb5 31. Ke2 Rxd5 32. g3 Bb4 33.
Bf6 Kf8 34. h4 h5 35. Ke3 Bd6 36. Ke4 Rd1 37. Bc3 a4 38. Nd4 Bxg3 39. Nf5 Be1
40. Bf6 Rc1 41. Kd3 Rc6 42. Bg5 f6 43. Bf4 Kf7 44. Be3 Bc3 45. Ng3 Kg6 46. Ne2
Be5 47. Bd2 Kf5 0-1

[Event "Verbandsliga 2019-20"]
[Site "MVP"]
[Date "2020.03.01"]
[Round "7.5"]
[White "Paulowitz, Bernd-Rainer"]
[Black "Gebert-Vangeel, Ralf"]
[Result "1-0"]
[WhiteElo "1904"]
[BlackElo "2033"]
[Annotator "user"]
[PlyCount "115"]
[EventDate "2019.09.29"]
[EventType "team-tourn"]
[EventRounds "9"]
[WhiteTeam "HSG Stralsund"]
[BlackTeam "SG Guestrow/Teterow"]
[WhiteTeamCountry "GER"]
[BlackTeamCountry "GER"]

1. Nf3 Nf6 2. c4 c5 3. Nc3 Nc6 4. g3 g6 5. Bg2 Bg7 6. O-O O-O 7. d3 e6 8. Bf4
Ne8 9. Qd2 d6 10. e4 a6 11. Rab1 b5 12. Bh6 b4 13. Ne2 e5 14. a3 a5 15. a4 Bg4
16. h3 Be6 17. b3 Ra7 18. g4 Ne7 19. Ng3 Kh8 20. Nh2 Ng8 21. Bxg7+ Nxg7 22. f4
exf4 23. Qxf4 Bc8 24. Rbd1 Ne6 25. Qf2 Nd4 26. Qb2 f6 27. Nf3 Nxf3+ 28. Rxf3 {=
} Qe7 29. d4 Qg7 30. dxc5 dxc5 31. Rd5 Rc7 32. Qf2 Qe7 33. Rfd3 Rc6 (33... Bb7
34. Rd6 Qe5) 34. Qd2 Qc7 35. Ne2 g5 (35... Ne7 36. Rd8 Rxd8 37. Rxd8+ Kg7) 36.
e5 Re6 37. exf6 Rexf6 (37... h6) 38. Qxg5 Qe7 39. Qe5 Qxe5 40. Rxe5 Rf2 41.
Rde3 R2f6 42. Re8 Kg7 43. Rxf8 Kxf8 44. Re5 Ne7 45. Rxc5 Re6 46. Nf4 Re3 47.
Nd5 Re5 48. Rc7 Ba6 49. Nxe7 Rxe7 50. Rc5 Ke8 51. Rxa5 Re6 52. Kf2 Kd7 53. Rg5
h6 54. Rg7+ Kd6 55. Bd5 Rf6+ 56. Ke3 Bc8 57. Rf7 Rg6 58. Kd4 1-0

[Event "Verbandsliga 2019-20"]
[Site "MVP"]
[Date "2020.03.01"]
[Round "7.6"]
[White "Dettmann, Holger"]
[Black "Glawe, Hartmut"]
[Result "1-0"]
[WhiteElo "2012"]
[BlackElo "2017"]
[PlyCount "83"]
[EventDate "2019.09.29"]
[EventType "team-tourn"]
[EventRounds "9"]
[WhiteTeam "SG Guestrow/Teterow"]
[BlackTeam "HSG Stralsund"]
[WhiteTeamCountry "GER"]
[BlackTeamCountry "GER"]

1. d4 Nf6 2. e3 b6 3. Bd3 Bb7 4. f3 Nc6 5. c3 e5 6. Ne2 d5 7. O-O Bd6 8. f4 e4
9. Bb5 O-O 10. Ng3 Ne7 11. b3 a6 12. Be2 c5 13. Bb2 cxd4 14. cxd4 b5 15. Nc3
Rc8 16. a3 Nd7 17. Rc1 f5 18. Qd2 Nb6 19. Rc2 Ng6 20. Rfc1 Qe7 21. Nb1 Qh4 22.
Rxc8 Nxc8 23. Qe1 Nge7 24. Nf1 Qh6 25. Nbd2 g5 26. g3 Kf7 27. fxg5 Qxg5 28. b4
h5 29. Kh1 Rh8 30. Qf2 Ke6 31. Nb3 Ng6 32. Nc5+ Bxc5 33. dxc5 Rh7 34. h4 Qd8
35. Nd2 d4 36. Rf1 Nce7 37. Nb3 dxe3 38. Qxe3 Nd5 39. Nd4+ Kd7 40. Qf2 Nde7 41.
c6+ Nxc6 42. Qxf5+ 1-0

[Event "Verbandsliga 2019-20"]
[Site "MVP"]
[Date "2020.03.01"]
[Round "7.7"]
[White "Kohn, Andreas"]
[Black "Kiel, Bernd"]
[Result "1/2-1/2"]
[WhiteElo "1958"]
[BlackElo "1989"]
[PlyCount "97"]
[EventDate "2019.09.29"]
[EventType "team-tourn"]
[EventRounds "9"]
[WhiteTeam "HSG Stralsund"]
[BlackTeam "SG Guestrow/Teterow"]
[WhiteTeamCountry "GER"]
[BlackTeamCountry "GER"]

1. e4 d5 2. exd5 Nf6 3. d4 Bg4 4. Nf3 Qxd5 5. Nc3 Qh5 6. Be2 Nc6 7. O-O O-O-O
8. h3 Bxf3 9. Bxf3 Qh4 10. Bxc6 bxc6 11. Qf3 Kd7 12. d5 cxd5 13. Nxd5 e6 14.
Nxf6+ gxf6 15. Bf4 e5 16. Bg3 Qg5 17. Qd5+ Bd6 18. Qxf7+ Kc8 19. Qe6+ Kb8 20.
Rad1 Bc5 21. Qb3+ Kc8 22. Qf3 Kb8 23. b4 Bb6 24. c4 Bd4 25. a4 Rhg8 26. Kh1 f5
27. a5 e4 28. Qf4 Qxf4 29. Bxf4 Bc3 30. a6 Kc8 31. b5 Bd4 32. Kg1 Bc5 33. Be3
Bxe3 34. fxe3 Rd3 35. Rxd3 exd3 36. Rd1 Rd8 37. Kf2 c6 38. Ke1 cxb5 39. cxb5
Kc7 40. Kd2 Kb6 41. Rb1 Rd5 42. g4 fxg4 43. hxg4 Rxb5 44. Rh1 Rd5 45. Rh6+ Kb5
46. Rf6 Rd7 47. e4 Rd4 48. Re6 Rd7 49. Rh6 1/2-1/2

[Event "Verbandsliga 2019-20"]
[Site "MVP"]
[Date "2020.03.01"]
[Round "7.1"]
[White "Schmekel, Florian"]
[Black "Wolke, Heiko"]
[Result "0-1"]
[WhiteElo "2102"]
[BlackElo "2036"]
[PlyCount "92"]
[EventDate "2019.09.29"]
[EventType "team-tourn"]
[EventRounds "9"]
[WhiteTeam "SAV Torgelow"]
[BlackTeam "Turbine Rostock"]
[WhiteTeamCountry "GER"]
[BlackTeamCountry "GER"]

1. d4 Nf6 2. c4 c5 3. d5 e6 4. Nc3 exd5 5. cxd5 d6 6. Nf3 Be7 7. Nd2 O-O 8. e4
Ng4 9. Be2 Ne5 10. f4 Ng6 11. Nc4 Nd7 12. O-O Nb6 13. Be3 Nxc4 14. Bxc4 Kh8 15.
g4 Bf6 16. g5 Bxc3 17. bxc3 Qa5 18. Qd2 f5 19. gxf6 Rxf6 20. Rae1 Bd7 21. Bd3
Raf8 22. f5 Ne5 23. Bg5 R6f7 24. Bf4 Re8 25. Bxe5 Rxe5 26. Re2 Qd8 27. Rg2 Qh4
28. Rf3 b5 29. Rfg3 Rxe4 30. Bxe4 Qxe4 31. f6 Qb1+ 32. Kf2 Rxf6+ 33. Rf3 Rxf3+
34. Kxf3 Qf5+ 35. Ke2 Qe4+ 36. Kf2 Qf5+ 37. Kg1 g6 38. Rf2 Qg4+ 39. Kh1 Bf5 40.
Rxf5 Qxf5 41. Kg1 Kg7 42. Qb2 Qg5+ 43. Kf2 Qf6+ 44. Kg1 b4 45. Qe2 bxc3 46. Qe4
Qd4+ 0-1

[Event "Verbandsliga 2019-20"]
[Site "MVP"]
[Date "2020.03.01"]
[Round "7.2"]
[White "Ruesch, Hans Joachim"]
[Black "Zentgraf, Robert"]
[Result "0-1"]
[WhiteElo "2056"]
[BlackElo "2171"]
[PlyCount "42"]
[EventDate "2019.09.29"]
[EventType "team-tourn"]
[EventRounds "9"]
[WhiteTeam "Turbine Rostock"]
[BlackTeam "SAV Torgelow"]
[WhiteTeamCountry "GER"]
[BlackTeamCountry "GER"]

1. d4 Nf6 2. c4 g6 3. Nc3 Bg7 4. e4 d6 5. h3 O-O 6. Nf3 e5 7. d5 Na6 8. Be3 Nh5
9. Nh2 Qe8 10. Be2 f5 11. exf5 Nf4 12. Bf3 Bxf5 13. g3 Nd3+ 14. Kd2 Nac5 15.
Rb1 e4 16. Be2 Qe5 17. Qc2 Nxf2 18. g4 Bh6 19. Nb5 Bxe3+ 20. Kxe3 Qg3+ 21. Bf3
exf3 0-1

[Event "Verbandsliga 2019-20"]
[Site "MVP"]
[Date "2020.03.01"]
[Round "7.3"]
[White "Ehlers, Michael"]
[Black "Hamann, Dirk"]
[Result "1/2-1/2"]
[WhiteElo "1941"]
[BlackElo "1987"]
[Annotator "User,Windows"]
[PlyCount "60"]
[EventDate "2019.09.29"]
[EventType "team-tourn"]
[EventRounds "9"]
[WhiteTeam "SAV Torgelow"]
[BlackTeam "Turbine Rostock"]
[WhiteTeamCountry "GER"]
[BlackTeamCountry "GER"]

1. e4 e5 2. Bc4 Nf6 3. d3 c6 4. Nf3 d5 5. exd5 cxd5 6. Bb3 Nc6 7. h3 Be7 8. O-O
O-O 9. Re1 Qd6 10. Nc3 Be6 11. Qe2 Nd7 12. Bd2 Bf6 13. a3 a6 14. Ba2 b5 15. Qf1
Rac8 16. Nd1 Nc5 17. Ng5 {RA} Bxg5 18. Bxg5 f5 (18... Nd4 19. Ne3 $1 Bxh3 20.
gxh3 Nf3+ ({oder} 20... Nce6 21. h4 Nf3+ 22. Kh1 f6 23. Nf5 Qd7 $11) 21. Kh1
Nxg5 22. Bxd5 $11) 19. c3 f4 20. b4 Nd7 21. f3 Kh8 22. Bh4 h6 23. Qe2 g5 24.
Bf2 Bf5 25. Nb2 Ne7 26. Rac1 Rce8 27. Qd1 Ng6 28. Qb3 Be6 29. Qc2 Bf5 30. Qb3
Be6 1/2-1/2

[Event "Verbandsliga 2019-20"]
[Site "MVP"]
[Date "2020.03.01"]
[Round "7.4"]
[White "Herholz, Holger"]
[Black "Bress, Aaron"]
[Result "0-1"]
[WhiteElo "1970"]
[BlackElo "1793"]
[PlyCount "80"]
[EventDate "2019.09.29"]
[EventType "team-tourn"]
[EventRounds "9"]
[WhiteTeam "Turbine Rostock"]
[BlackTeam "SAV Torgelow"]
[WhiteTeamCountry "GER"]
[BlackTeamCountry "GER"]

1. d4 Nf6 2. c4 g6 3. Nc3 d5 4. e3 Bg7 5. Nf3 O-O 6. cxd5 Nxd5 7. Bc4 Nxc3 8.
bxc3 c5 9. O-O Nc6 10. Bb2 a6 11. a4 Na5 12. Be2 Be6 13. Ra3 Nc4 14. Bxc4 Bxc4
15. Re1 Rc8 16. Nd2 Be6 17. Ne4 cxd4 18. cxd4 b6 19. Nc3 Bc4 20. f4 Qd7 21. Qf3
Rfd8 22. Rd1 Qc7 23. Rc1 Qd6 24. Raa1 Qd7 25. Ba3 h6 26. Qe4 Be6 27. Rab1 Bf5
28. Qxe7 Bxb1 29. Qxd7 Rxd7 30. Nxb1 Rxc1+ 31. Bxc1 Rc7 32. Ba3 Bf8 33. Bxf8
Kxf8 34. Kf2 Rc4 35. g4 Rxa4 36. Nc3 Rc4 37. Nd5 b5 38. Nb6 Rc2+ 39. Kg3 b4 40.
h4 b3 0-1

[Event "Verbandsliga 2019-20"]
[Site "MVP"]
[Date "2020.03.01"]
[Round "7.5"]
[White "Grossmann, Piet"]
[Black "Schmidt, Reinhard"]
[Result "0-1"]
[WhiteElo "1818"]
[BlackElo "1898"]
[PlyCount "92"]
[EventDate "2019.09.29"]
[EventType "team-tourn"]
[EventRounds "9"]
[WhiteTeam "SAV Torgelow"]
[BlackTeam "Turbine Rostock"]
[WhiteTeamCountry "GER"]
[BlackTeamCountry "GER"]

1. e4 d5 2. exd5 Nf6 3. c4 c6 4. d4 cxd5 5. Nc3 Nc6 6. Nf3 Bg4 7. Be2 e6 8. c5
Be7 9. O-O O-O 10. a3 a5 11. Bf4 b6 12. Qa4 Rc8 13. Ba6 Bxf3 14. Bxc8 Qxc8 15.
gxf3 bxc5 16. Ne2 c4 17. b3 cxb3 18. Qxb3 Qa6 19. Qb2 Nh5 20. Bg3 f5 21. Nf4
Nxf4 22. Bxf4 Rf6 23. Rfd1 Rg6+ 24. Kh1 Bf6 25. Be5 Bxe5 26. dxe5 Qc4 27. Rg1
Qf4 28. Rxg6 hxg6 29. Qe2 Kf7 30. Re1 Nd4 31. Qe3 Qxf3+ 32. Qxf3 Nxf3 33. Re3
Nd2 34. f4 Nc4 35. Rb3 g5 36. Rb7+ Kg6 37. Re7 gxf4 38. Rxe6+ Kf7 39. Rc6 Nxa3
40. Rc5 Ke6 41. Rxa5 Nc4 42. Ra2 Kxe5 43. Kg2 g5 44. h3 Ne3+ 45. Kf2 Ke4 46.
Rd2 g4 0-1

[Event "Verbandsliga 2019-20"]
[Site "MVP"]
[Date "2020.03.01"]
[Round "7.6"]
[White "Boecking, Uwe"]
[Black "Schmidt, Paul"]
[Result "1/2-1/2"]
[WhiteElo "1769"]
[BlackElo "1915"]
[PlyCount "65"]
[EventDate "2019.09.29"]
[EventType "team-tourn"]
[EventRounds "9"]
[WhiteTeam "Turbine Rostock"]
[BlackTeam "SAV Torgelow"]
[WhiteTeamCountry "GER"]
[BlackTeamCountry "GER"]

1. e4 c5 2. Nf3 d6 3. d4 cxd4 4. Nxd4 Nf6 5. Nc3 a6 6. Be2 e5 7. Nb3 Be7 8. Be3
Be6 9. O-O O-O 10. f3 Nbd7 11. Qe1 Rc8 12. Rc1 Qc7 13. Qf2 Nc5 14. Rfd1 Rfd8
15. Rd2 d5 16. Bxc5 Bxc5 17. Qxc5 Qxc5+ 18. Nxc5 Rxc5 19. exd5 Nxd5 20. Rcd1
Rd7 21. Nxd5 Rcxd5 22. Rxd5 Rxd5 23. Rxd5 Bxd5 24. c4 Bc6 25. Kf2 Kf8 26. Ke3
Ke7 27. Bd3 Kd6 28. b4 b6 29. g3 a5 30. a3 h6 31. h4 f6 32. Bf5 axb4 33. axb4
1/2-1/2

[Event "Verbandsliga 2019-20"]
[Site "MVP"]
[Date "2020.03.01"]
[Round "7.1"]
[White "Hornych, Christoph"]
[Black "Schinke, Andreas"]
[Result "1-0"]
[WhiteElo "2171"]
[BlackElo "2093"]
[PlyCount "119"]
[EventDate "2019.09.29"]
[EventType "team-tourn"]
[EventRounds "9"]
[WhiteTeam "SF Schwerin II"]
[BlackTeam "BW Grevesmuehlen"]
[WhiteTeamCountry "GER"]
[BlackTeamCountry "GER"]

1. e4 c5 2. Nf3 a6 3. c4 Nc6 4. d4 cxd4 5. Nxd4 e6 6. Nc3 Bb4 7. a3 Bxc3+ 8.
bxc3 Qc7 9. Bd3 Nge7 10. O-O Ne5 11. Bf4 N7g6 12. Bg3 d6 13. f4 Nxd3 14. Qxd3
O-O 15. Nc2 Bd7 16. Ne3 Rfd8 17. Rfd1 Ba4 18. Rd2 Rac8 19. Rb1 b5 20. cxb5 Bxb5
21. c4 Bxc4 22. Qxc4 Qxc4 23. Nxc4 Rxc4 24. f5 exf5 25. exf5 Nf4 26. Bxf4 Rxf4
27. Rxd6 Re8 28. Rxa6 Rxf5 29. Rab6 Kf8 30. a4 Re2 31. R6b2 Rxb2 32. Rxb2 Ra5
33. Rb4 Ke7 34. Kf2 Rc5 35. h4 Rc2+ 36. Kf3 Ra2 37. g3 Ke6 38. Ke4 Re2+ 39. Kf3
Ra2 40. g4 Ra1 41. Ke4 Kd6 42. Kd4 Kc6 43. Rc4+ Kd6 44. Kc3 Kd5 45. Rf4 f6 46.
Kb4 Rb1+ 47. Ka5 Ke5 48. Rc4 Rg1 49. Kb6 g6 50. a5 Rb1+ 51. Kc5 Ra1 52. Kb5 f5
53. a6 Kd5 54. Rb4 fxg4 55. Rxg4 Rb1+ 56. Ka5 Kc5 57. a7 Rb5+ 58. Ka4 Rb1 59.
Rg3 Kc4 60. a8=Q 1-0

[Event "Verbandsliga 2019-20"]
[Site "MVP"]
[Date "2020.03.01"]
[Round "7.2"]
[White "Boehme, Andy"]
[Black "Roehl, Rainer"]
[Result "1/2-1/2"]
[WhiteElo "2058"]
[BlackElo "2033"]
[PlyCount "28"]
[EventDate "2019.09.29"]
[EventType "team-tourn"]
[EventRounds "9"]
[WhiteTeam "BW Grevesmuehlen"]
[BlackTeam "SF Schwerin II"]
[WhiteTeamCountry "GER"]
[BlackTeamCountry "GER"]

1. Nf3 c5 2. b3 Nf6 3. Bb2 g6 4. Bxf6 exf6 5. c4 Bg7 6. Nc3 f5 7. Rc1 b6 8. g3
Bb7 9. Bg2 O-O 10. O-O Re8 11. e3 d6 12. d4 Nd7 13. Nb5 Bf8 14. Nh4 Bxg2
1/2-1/2

[Event "Verbandsliga 2019-20"]
[Site "MVP"]
[Date "2020.03.01"]
[Round "7.4"]
[White "Hausmann, Marcus"]
[Black "Jung, Werner"]
[Result "0-1"]
[WhiteElo "1916"]
[BlackElo "2042"]
[PlyCount "20"]
[EventDate "2019.09.29"]
[EventType "team-tourn"]
[EventRounds "9"]
[WhiteTeam "BW Grevesmuehlen"]
[BlackTeam "SF Schwerin II"]
[WhiteTeamCountry "GER"]
[BlackTeamCountry "GER"]

1. d4 f5 2. Bf4 d6 3. e3 Nf6 4. Nf3 g6 5. Nbd2 Bg7 6. Bd3 Nc6 7. c3 e5 8. dxe5
dxe5 9. Bxe5 Qxd3 10. Bxc7 Nd5 0-1